| 000 | 00728nam a2200229 a 4500 | ||
|---|---|---|---|
| 001 | BRCA_550 | ||
| 005 | 20190320203047.0 | ||
| 008 | 040526s2004 nyua---###---#001-0#eng-# | ||
| 020 | _a0375720448 | ||
| 040 |
_aeng _cnyu _dDLC |
||
| 050 | 4 |
_aNK2808 _b.W37 2004 |
|
| 100 | 1 |
_aWare, Joyce C. _91894 |
|
| 245 | 1 | 0 |
_aCollecting oriental rugs _cJoyce C. Ware ; line drawings by Wilson P. Ware. |
| 260 |
_aNueva York _bHouse of Collectibles _c2004 |
||
| 300 |
_a164 p. _bil. _c21 cm. |
||
| 440 | 0 |
_aInstant Expert _91895 |
|
| 500 | _aIncluye índice alfabético | ||
| 650 | 1 | 4 |
_aTapetes orientales _xHistoria _91896 |
| 650 | 1 | 4 |
_aTapetes orientales _xColeccionistas y colecciones _91897 |
| 700 | 1 |
_aWare, Wilson P _91898 |
|
| 942 |
_2lcc _cB |
||
| 999 |
_c481 _d481 |
||